| 000 | 02921cam a2200517Mc 4500 | ||
|---|---|---|---|
| 003 | PE-LiUPU | ||
| 005 | 20250731172849.0 | ||
| 008 | 140813s2014 miu b 001 0 eng d | ||
| 020 | _a0802871879 | ||
| 020 | _a9780802871879 | ||
| 035 | _a(Sirsi) i9780802871879 | ||
| 040 |
_aPE-LiUPU _bspa _cPE-LiUPU _erda |
||
| 049 | _aPRUA | ||
| 082 | 0 | 4 |
_a241 _bO21 |
| 100 | 1 | _aO'Donovan, Oliver | |
| 245 | 1 | 0 |
_aEthics as theology. _nVolumen 2 _pFinding and seeking. |
| 264 | 1 |
_aGrand Rapids, Michigan : _bEerdmans, _c2014 |
|
| 300 |
_aV-249 páginas ; _23 centímetros |
||
| 336 |
_atext _2rdacontent |
||
| 337 |
_aunmediated _2rdamedia |
||
| 338 |
_avolume _2rdacarrier |
||
| 504 | _aÍndices : páginas 241-249 | ||
| 505 | 0 | _aPreface -- 1. Spirit and self -- Ethics in the spirit -- The Giver of Life -- Naming God -- The Flesh -- Sin against the self -- 2. Faith and purpose -- The roof of action -- Command and Obedience -- Self offering -- Self consistency -- Dounbt of Purpose -- 3. Faith and Meaning -- Know thyself -- The Objectified self -- Land we -- Mankind -- Doubt of Meaning -- 4. The good of Man -- Self communicating Good -- Love of te Wold -- The order of Love -- Sin against the World -- Virtue -- Prejudice -- 5. Wisdom and time -- The call of Wisdom -- Seeking -- Ideology -- World and time -- 6. Love and Testimony -- The analogy of Love -- The testimony -- Receiving the testimony -- Confession -- The moral Confession -- 7. Hope and Anticipation -- The future of today -- Three prospects -- Critique of Anticipation -- Hope and Anticipation -- Endurance and temptation -- Sin against Time -- 8. Deliberation -- Purpose and Deliberation -- Against Deliberation -- Prudence -- The Ordering of Law -- Consequentialism -- The particular -- Circumstances and Consequences -- Ideals and Compromises -- 9. Discernment -- Indeterminacy -- The Path -- Vocation -- Historicism. | |
| 526 | _aSEG42 | ||
| 526 | _aSEG41 | ||
| 526 | _aSEG40 | ||
| 526 | _aSEG39 | ||
| 526 | _aP94 | ||
| 526 | _aP87 | ||
| 526 | _aP86 | ||
| 526 | _aP85 | ||
| 526 | _aP77 | ||
| 526 | _aP76 | ||
| 526 | _aP35 | ||
| 650 | 0 |
_aDios. _93786 |
|
| 650 | 0 | _aEl auto-conocimiento, Teoría de. | |
| 650 | 0 | _aLa ética cristiana. | |
| 910 |
_ajck _bbpc _cbpc _d20160510 |
||
| 942 |
_2ddc _cBOOK |
||
| 949 |
_a241 O21 _wDEWEY _c1 _i73417 _lCCODEBUL1 _mBUL _p25.76 _r0 _sY _tBOOK _u2016-4-27 _xTEOLOGIA _PP35 _0COMPRA _o.STAFF. Colección Teología |
||
| 994 |
_aC0 _bPEPRU |
||
| 596 | _a1 | ||
| 999 |
_a241 O21 _wDEWEY _c9783 _i73417 _e2017-3-14 _f2021-11-10 _g5 _lCCODEBUL1 _mBUL _n2 _p25.76 _r0 _sY _tBOOK _u2016-4-27 _xTEOLOGIA _PP35 _0COMPRA _o.STAFF. Colección Teología _d9783 |
||
| 999 |
_a241 O21 _wDEWEY _c2 _i75581 _f2021-11-10 _g5 _lCCODEBUL1 _mBUL _p29.00 _r0 _sY _tBOOK _u2017-1-24 _xTEOLOGIA _PP85 _0COMPRA _o.STAFF. Colección Teología |
||
| 980 |
_81 _gALBERTO SANCHEZ Responsable de Automatización |
||